01510nam a2200205Ia 4500001001300000003001000013005001700023008004100040040002500081041000700106100005100113245006400164260003100228300001200259500006000271520076600331650001101097654001101108700018501119b7213-53398 IT-MiCISF20250516143940.0161014s9999||||xx |||||||||||||| ||und|| aIT-MiCISFcIT-MiCISF ait aKampowski Stephan, Gallazzi Giulio (a cura di) 0aAffari, siete di famiglia?bFamiglia e sviluppo sostenibile a Siena,bCantagalli,c2013 app. 230 a lavoro, famiglia, società, chiesa, capitale-sociale  aIl mercato non può fare a meno della gratuità. Questo concetto espresso da Benedetto XVI nella sua enciclica Caritas in veritate sfida la comune idea che la ricchezza nasca dall'incontro di diversi egoismi. L'attuale crisi economica che tocca i Paesi del vecchio Continente pare confermare nei fatti l'assunto del Pontefice, e ci apre la possibilità di riconsiderare alcuni principi che fino a poco tempo fa erano considerati pietre angolari dell'economia mondiale. I contributi del presente libro affermano, da diversi punti di vista, che per avere uno sviluppo economico veramente sostenibile occorre rafforzare la famiglia, mettendola nelle condizioni che le permettano di fiorire, di crescere e di svolgere il suo ruolo insostituibile nella società. alavoro asaggio a Melina L., Anderson C., D'Agostino F., Granados J., Kampowski S., aZamagni S., Donati P., Molteni M., Campiglio L., Faldetta G., Gallazzi G.,a Santolini L., Scholz B., Damosso P